Health Care - At Its Best (Record no. 355447)

MARC details
000 -LEADER
fixed length control field 00615nam a22001937a 4500
005 - DATE AND TIME OF LATEST TRANSACTION
control field 20230727114056.0
008 - FIXED-LENGTH DATA ELEMENTS--GENERAL INFORMATION
fixed length control field 230727b |||||||| |||| 00| 0 eng d
041 ## - LANGUAGE CODE
Language code of text/sound track or separate title eng
082 ## - DEWEY DECIMAL CLASSIFICATION NUMBER
Classification number 729.7
Item number KAR/NAW
100 ## - MAIN ENTRY--PERSONAL NAME
Author Karve S ed.
110 ## - MAIN ENTRY--CORPORATE NAME
Corporate name or jurisdiction name as entry element Nawale R ed.
245 ## - TITLE STATEMENT
Title Health Care - At Its Best
260 ## - PUBLICATION, DISTRIBUTION, ETC.
Place of publication, distribution, etc. Pune
Name of publisher, distributor, etc. BNCA M Arch Environment Architecture
Date of publication, distribution, etc. 2014
300 ## - PHYSICAL DESCRIPTION
Extent 184 P
Other physical details PB
Dimensions 28.5 x 19.5
365 ## - TRADE PRICE
Price type code INR
Price amount 1.00
Currency code Rupaye
500 ## - GENERAL NOTE
Keywords Jahangir Hospital Case Study<br/>Ruby Hall Case Study <br/>Design Program <br/>Site Analysis <br/>Hospital Design Option 1
942 ## - ADDED ENTRY ELEMENTS (KOHA)
Koha item type Donated Book
Holdings
Withdrawn status Lost status Source of classification or shelving scheme Damaged status Not for loan Home library Current library Date acquired Vendor Net Price Total Checkouts Full call number Barcode Date last seen Date last checked out Actual Price Bill Date Koha item type
    Dewey Decimal Classification     Dr. Bhanuben Nanavati College of Architecture Dr. Bhanuben Nanavati College of Architecture 27/07/2023 Donated Books 1.00 1 729.7 KAR/NAW BNCA-DB-1960 30/10/2023 19/10/2023 1.00 27/07/2023 Donated Book